000 00332nam a22001337a 4500
003 SGT
020 _a9789382597520
082 _a891.4309
_bD16G
100 _aगुप्ता, राजीण
245 _aद्रोह - काल
260 _bसाहित्य संचय
_c2016
300 _a183
942 _2ddc
_cBK
999 _c30178
_d30178